Martí, el apóstol (Registro nro. 172)
[ vista simple ]
| 000 -CABECERA | |
|---|---|
| Longitud fija campo de control | 00789nam a22002771 4500 |
| 001 - NÚMERO DE CONTROL | |
| Número de control | bimo0001140615 |
| 003 - IDENTIFICADOR DELl NÚMERO DE CONTROL | |
| Identificador del número de control | OSt |
| 005 - FECHA Y HORA DE LA ÚLTIMA TRANSACCIÓN | |
| Fecha y hora de la última transacción | 20130429160110.0 |
| 008 - CÓDIGOS DE INFORMACIÓN DE LONGITUD FIJA | |
| Códigos de información de longitud fija | 930725s1975 sp spa |
| 020 ## - NÚMERO INTERNACIONAL NORMALIZADO PARA LIBROS | |
| Número Internacional Normalizado para Libros (ISBN) | 84-239-0252-8 |
| 035 ## - NÚMERO DE CONTROL DEL SISTEMA | |
| Número de control del sistema | (OCoLC)432592461 |
| 040 ## - FUENTE DE LA CATALOGACIÓN | |
| Centro catalogador de origen | SpMaBN |
| Centro transcriptor | BMC |
| 082 ## - NÚMERO DE LA CLASIFICACIÓN DECIMAL DEWEY | |
| Númeroo de clasificación | 920 |
| 100 10 - PUNTO DE ACCESO PRINCIPAL-NOMBRE DE PERSONA | |
| Nombre de persona | Mañach, Jorge |
| Fechas asociadas al nombre | 1898-1961 |
| 9 (RLIN) | 182 |
| 245 10 - MENCIÓN DE TÍTULO | |
| Título | Martí, el apóstol |
| Mención de responsabilidad, etc. | Jorge Mañach |
| 250 ## - MENCIÓN DE EDICIÓN | |
| Mención de edición | 6ª ed |
| 260 0# - PUBLICACIÓN, DISTRIBUCIÓN, ETC. (PIE DE IMPRENTA) | |
| Lugar de publicación, distribución, etc. | Madrid |
| Nombre del editor, distribuidor, etc. | Espasa-Calpe |
| Fecha de publicación, distribución, etc. | 1975 |
| 300 ## - DESCRIPCIÓN FÍSICA | |
| Extensión | 248 p. |
| Dimensiones | 18 cm |
| 490 ## - MENCIÓN DE SERIE | |
| Mención de serie | Austral |
| Designación de volumen o secuencia | 252 |
| 700 ## - PUNTO DE ACCESO ADICIONAL - NOMBRE DE PERSONA | |
| 9 (RLIN) | 202 |
| Nombre de persona | Martí, José |
| Fechas asociadas al nombre | 1853-1895 |
| 942 ## - ENTRADA DE ELEMENTOS AGREGADOS (KOHA) | |
| Fuente de clasificaión o esquema | Dewey Decimal Classification |
| Koha [por defecto] tipo de item | 1- Monografias |
| 956 ## - LOCALIZACIÓN Y ACCESO ELECTRÓNICO LOCAL (OCLC) | |
| Nombre de la fuente | 1 2 |
| 980 ## - EQUIVALENCIA O SECCIÓN-REFERENCIA-INFORME SERIES--NOMBRE / TÍTULO DE PERSONA [LOCAL, CANADA] | |
| Nombre personal | M 14694-1975 |
| -- | 84-239-0252-8 |
| -- | M-BN |
| Numeración | BNALCALA |
| Atributo cualificador | AHM/587205 |
| T&íacute;tulos u otras palabras asociadas a nombre | SALA_ALC |
| 980 ## - EQUIVALENCIA O SECCIÓN-REFERENCIA-INFORME SERIES--NOMBRE / TÍTULO DE PERSONA [LOCAL, CANADA] | |
| Nombre personal | M-BN |
| Numeración | BNALCALA |
| Atributo cualificador | DL/38301 |
| T&íacute;tulos u otras palabras asociadas a nombre | CONSERVACI |
| 980 ## - EQUIVALENCIA O SECCIÓN-REFERENCIA-INFORME SERIES--NOMBRE / TÍTULO DE PERSONA [LOCAL, CANADA] | |
| Nombre personal | M-BN |
| Numeración | BNMADRID |
| Atributo cualificador | HA/50550 |
| T&íacute;tulos u otras palabras asociadas a nombre | SG_RECOLET |
| Suprimido | Perdido | Fuente de clasificación o esquema | Estropeado | Restricciones de uso | No para préstamo | Código de colección | Localización permanente | Localización actual | Localización en estanter&íacute;as | Fecha adquisición | Fuente de adquisición | Número de inventario | Préstamos totales | Signatura completa | Código de barras | Fecha última consulta | Coste, precio reemplazado | Fecha del precio de reemplazo | Tipo de item de Koha |
|---|---|---|---|---|---|---|---|---|---|---|---|---|---|---|---|---|---|---|---|
| NULL | NULL | Dewey Decimal Classification | NULL | Prestable | NULL | NULL | Biblioteca Miguel de Cervantes - UNICAES | Biblioteca Miguel de Cervantes - UNICAES | Sala Principal | 30/08/1993 | Donación - UNICO | 000167 | 920 MAÑ mar | 1000167 | 19/08/2015 | 77.40 | 17/04/2013 | 1- Monografias |